Shiv-Charitra-Saahitya (Record no. 346837)

MARC details
000 -LEADER
fixed length control field 004190000a22001690004500
005 - DATE AND TIME OF LATEST TRANSACTION
control field 20120302054854.0
040 ## - CATALOGING SOURCE
Original cataloging agency MAR
245 ## - TITLE STATEMENT
Title Shiv-Charitra-Saahitya
260 ## - PUBLICATION, DISTRIBUTION, ETC. (IMPRINT)
Place of publication, distribution, etc Pune:Mujumdaar,Gan.Naa.,1942.
300 ## - PHYSICAL DESCRIPTION
Extent 322p.
365 ## - TRADE PRICE
Price amount 3.50/-
490 ## - SERIES STATEMENT
Series statement Bharat-Itihaas-Sanshodhak Mandal Granthmaalaa-55.
650 ## - SUBJECT ADDED ENTRY--TOPICAL TERM
Topical term or geographic name as entry element Itihaas
650 ## - SUBJECT ADDED ENTRY--TOPICAL TERM
Topical term or geographic name as entry element Maratha-Itihaas
650 ## - SUBJECT ADDED ENTRY--TOPICAL TERM
Topical term or geographic name as entry element Shiv Charitra Saahitya
942 ## - ADDED ENTRY ELEMENTS (KOHA)
Koha item type Book
Holdings
Withdrawn status Lost status Damaged status Not for loan Home library Current library Date acquired Total Checkouts Barcode Date last seen Price effective from
        Institute For Oriental Study, Thane Institute For Oriental Study, Thane 12/02/2009   IOS-3633 12/02/2009 12/02/2009